Psychology / (Record no. 4108)

MARC details
000 -LEADER
fixed length control field 01076cam a2200205 a 4500
020 ## - INTERNATIONAL STANDARD BOOK NUMBER
ISBN 780618674831
050 00 - CALL NUMBER
Classification number BF121
Item number .P99
100 ## - AUTHOR
Personal name Douglas A Bernstein; Louis A Penner; Alison Clarke-Stewart; Edward J Roy
245 00 - TITLE
Title Psychology /
Statement of responsibility, etc Douglas A. Bernstein ... [et al.].
250 ## - EDITION
Edition statement 7th ed.
260 ## - PUBLICATION INFORMATION
Place of publication Boston :
Name of publisher Houghton Mifflin Co.,
Year of publication c2006.
300 ## - DESCRIPTION
Number of Pages xix, 745 p. :
Other physical details ill. (chiefly col.) ;
Dimensions 29 cm.
500 ## - NOTES
General note Includes bibliographical references and index
505 ## - FORMATTED CONTENTS NOTE
Table of Content Introducing psychology --<br/>Research in psychology --<br/>Biological aspects of psychology --<br/>Sensation --<br/>Perception --<br/>Learning --<br/>Memory --<br/>Cognition and language --<br/>Consciousness --<br/>Cognitive abilities --<br/>Motivation and emotion --<br/>Human development --<br/>Health, stress, and coping --<br/>Personality --<br/>Psychological disorders --<br/>Treatment of psychological disorders --<br/>Social cognition --<br/>Social influence.
650 #0 - SUBJECTS
Topical Term Psychology.
700 1# - OTHER AUTHORS
Personal name Bernstein, Douglas A.
710 ## - OTHER AUTHORS
OTHER AUTHORS Louis A Penner;
711 ## - OTHER AUTHORS
OTHER AUTHORS Alison Clarke-Stewart;
-- Edward J Roy
942 ## - ADDED ENTRY ELEMENTS (KOHA)
Koha item type Books
Holdings
Withdrawn status Lost status Collection code Home library Current library Shelving location Date acquired Full call number Accession Number Koha item type
    Reference Methodist University Library Main Methodist University Library Main General Stacks 20/07/2014 BF121 .P99 39823 Books
Copyright © 2026  MUG Library